Русско-французский словарь: 50000 слов

書誌詳細
第一著者: Щерба Л. В. Лев Владимирович
その他の著者: Матусевич М. И. Маргарита Ивановна
言語:ロシア語
フランス語
出版事項: Москва, Русский язык, 1988
版:12-е изд., стереотип.
主題:
フォーマット: 図書
KOHA link:https://koha.lib.tpu.ru/cgi-bin/koha/opac-detail.pl?biblionumber=63460

MARC

LEADER 00000nam0a2200000 4500
001 63460
005 20231101212051.0
035 |a (RuTPU)RU\TPU\book\67350 
090 |a 63460 
100 |a 20040512d1988 km y0rusy50 ca 
101 0 |a rus  |a fre 
102 |a RU 
105 |a y e 001zy 
200 1 |a Русско-французский словарь  |e 50000 слов  |f Л. В. Щерба, М. И. Матусевич 
205 |a 12-е изд., стереотип. 
210 |a Москва  |c Русский язык  |d 1988 
215 |a 847 с. 
320 |a Библиогр.: с. 10 
606 1 |a Французский язык  |x Параллельные словари  |2 stltpush  |3 (RuTPU)RU\TPU\subj\16830  |9 42730 
610 1 |a русский язык 
610 1 |a фразеология 
610 1 |a терминология 
610 1 |a словари 
686 |a Ш147.11-48  |v LBC/SL-A  |2 rubbk 
700 1 |a Щерба  |b Л. В.  |g Лев Владимирович 
701 1 |a Матусевич  |b М. И.  |g Маргарита Ивановна 
801 1 |a RU  |b 63413507  |c 20040512  |g PSBO 
801 2 |a RU  |b 63413507  |c 20161101  |g PSBO 
942 |c BK